[Event "Reykjavik op"]
[Site "Reykjavik"]
[Date "2023.04.03"]
[Round "8"]
[White "Mack, Andrew"]
[Black "Hartmann, Wolfgang"]
[Result "1-0"]
[WhiteElo "2183"]
[BlackElo "1925"]
[PlyCount "67"]
[EventDate "2023.03.29"]
[EventType "swiss"]
[EventRounds "9"]
[EventCountry "ISL"]
[SourceTitle "EXT 2024"]
[Source "ChessBase"]
[SourceDate "2023.10.10"]
[SourceVersion "1"]
[SourceVersionDate "2023.10.10"]
[SourceQuality "1"]

1. Nf3 c5 2. e3 Nc6 3. d4 cxd4 4. exd4 d5 5. c4 Nf6 6. Nc3 Bg4 7. Bg5 e6 8. cxd5 exd5 9. Qe2+ Be6 10. Bxf6 gxf6 11. Qe3 a6 12. Bd3 h5 13. Bf5 Bh6 14. Qe2 Qd6 15. 0-0 b5 16. a4 b4 17. Nd1 Kd7 18. Qd3 Qf4 19. Ne3 Ne7 20. Bxe6+ fxe6 21. Rfe1 Rhg8 22. Kh1 h4 23. Qe2 Qd6 24. Nxh4 Bg5 25. Nf3 Rh8 26. g3 Rag8 27. Rac1 Bxe3 28. Qxe3 Nf5 29. Qd3 Nh6 30. Re2 Ng4 31. Rec2 Rc8 32. Kg2 Rxc2 33. Qxc2 e5 34. Qf5+ 1-0

[Event "BCF-chT2 1011 (4NCL)"]
[Site "England"]
[Date "2011.02.19"]
[Round "5.25"]
[White "Boulton, William"]
[Black "Mack, Andrew"]
[Result "1-0"]
[WhiteElo "2170"]
[BlackElo "2203"]
[PlyCount "63"]
[EventDate "2010.11.06"]
[EventType "team-swiss"]
[EventRounds "11"]
[EventCountry "ENG"]
[SourceTitle "EXT 2012"]
[Source "ChessBase"]
[SourceDate "2011.11.24"]
[SourceVersion "1"]
[SourceVersionDate "2011.11.24"]
[SourceQuality "1"]
[WhiteTeam "Anglian Avengers"]
[BlackTeam "Jutes of Kent"]
[WhiteTeamCountry "ENG"]
[BlackTeamCountry "ENG"]

1. d4 Nf6 2. c4 g6 3. Nc3 Bg7 4. e4 d6 5. Bg5 0-0 6. Qd2 c5 7. Nge2 Nc6 8. d5 Ne5 9. Ng3 a6 10. Be2 b5 11. cxb5 axb5 12. Nxb5 Ba6 13. f4 Neg4 14. h3 Ne3 15. Kf2 Qb6 16. a4 Bxb5 17. Bxb5 Nfxd5 18. exd5 Bd4 19. Kf3 Nxd5 20. Ne2 Qb7 21. Nxd4 cxd4 22. Kg3 e5 23. Rac1 Rac8 24. Bh6 Rfd8 25. fxe5 dxe5 26. Kh2 Ne7 27. Bg5 Rc7 28. Bd3 Rdc8 29. Qa5 Nc6 30. Qb5 Qa7 31. Be4 Rb8 32. Qc5 1-0

[Event "BCF-chT1a 0910 (4NCL)"]
[Site "England"]
[Date "2010.02.21"]
[Round "6.3"]
[White "Mack, Andrew"]
[Black "Rawlinson, Aidan"]
[Result "1/2-1/2"]
[WhiteElo "2213"]
[BlackElo "2207"]
[PlyCount "49"]
[EventDate "2009.10.24"]
[EventType "team-tourn"]
[EventRounds "7"]
[EventCountry "ENG"]
[SourceTitle "EXT 2011"]
[Source "ChessBase"]
[SourceDate "2010.11.26"]
[SourceVersion "1"]
[SourceVersionDate "2010.11.26"]
[SourceQuality "1"]
[WhiteTeam "Jutes of Kent"]
[BlackTeam "Oxford"]
[WhiteTeamCountry "ENG"]
[BlackTeamCountry "ENG"]

1. e4 c5 2. Nf3 e6 3. b3 d6 4. Bb5+ Nd7 5. 0-0 a6 6. Bxd7+ Bxd7 7. Bb2 Nf6 8. Re1 e5 9. c3 Bc6 10. d4 Qc7 11. dxe5 dxe5 12. c4 Bd6 13. Nc3 0-0 14. Nd5 Bxd5 15. cxd5 Nd7 16. Nh4 f6 17. Rc1 a5 18. Nf5 g6 19. Qg4 Kh8 20. Nh4 Rg8 21. Re3 Nf8 22. f4 Re8 23. fxe5 Bxe5 24. Bxe5 Qxe5 25. Qe2 1/2-1/2

[Event "BCF-chT1a 0910 (4NCL)"]
[Site "England"]
[Date "2010.02.20"]
[Round "5.3"]
[White "Emms, John M"]
[Black "Mack, Andrew"]
[Result "1-0"]
[WhiteElo "2484"]
[BlackElo "2213"]
[PlyCount "55"]
[EventDate "2009.10.24"]
[EventType "team-tourn"]
[EventRounds "7"]
[EventCountry "ENG"]
[SourceTitle "EXT 2011"]
[Source "ChessBase"]
[SourceDate "2010.11.26"]
[SourceVersion "1"]
[SourceVersionDate "2010.11.26"]
[SourceQuality "1"]
[WhiteTeam "Pride and Prejudice"]
[BlackTeam "Jutes of Kent"]
[WhiteTeamCountry "ENG"]
[BlackTeamCountry "ENG"]

1. e4 e5 2. Nf3 Nc6 3. Bb5 a6 4. Ba4 Nf6 5. 0-0 Be7 6. d3 b5 7. Bb3 0-0 8. a4 Bb7 9. Re1 d6 10. Nc3 b4 11. Nd5 a5 12. c3 bxc3 13. bxc3 Nb8 14. Nxe7+ Qxe7 15. Nh4 Bc8 16. d4 Be6 17. Nf5 Qd7 18. Bc2 d5 19. Ng3 exd4 20. e5 Ne4 21. Nxe4 dxe4 22. Bxe4 Nc6 23. Qh5 h6 24. Bxh6 gxh6 25. Qxh6 f6 26. exf6 Ra6 27. Rad1 Bg4 28. Bd5+ 1-0

[Event "BCF-chT1a 0910 (4NCL)"]
[Site "England"]
[Date "2010.01.17"]
[Round "4.3"]
[White "Berry, Neil"]
[Black "Mack, Andrew"]
[Result "1-0"]
[WhiteElo "2320"]
[BlackElo "2213"]
[PlyCount "53"]
[EventDate "2009.10.24"]
[EventType "team-tourn"]
[EventRounds "7"]
[EventCountry "ENG"]
[SourceTitle "EXT 2011"]
[Source "ChessBase"]
[SourceDate "2010.11.26"]
[SourceVersion "1"]
[SourceVersionDate "2010.11.26"]
[SourceQuality "1"]
[WhiteTeam "Barbican II"]
[BlackTeam "Jutes of Kent"]
[WhiteTeamCountry "ENG"]
[BlackTeamCountry "ENG"]

1. d4 Nf6 2. c4 g6 3. Nc3 Bg7 4. e4 d6 5. Nf3 0-0 6. Be2 Na6 7. 0-0 e5 8. Be3 Ng4 9. Bg5 Qe8 10. Re1 h6 11. Bh4 exd4 12. Nxd4 Nf6 13. Bf1 Nh7 14. Qd2 Ng5 15. Rad1 Ne6 16. Nf5 g5 17. Bg3 f6 18. Nd5 Kh8 19. h4 Nac5 20. b4 Nd7 21. Nxc7 Nxc7 22. Nxd6 Qe6 23. Nxc8 Ne5 24. Nd6 gxh4 25. Bxh4 Rfd8 26. c5 a5 27. f4 1-0

[Event "BCF-chT1a 0910 (4NCL)"]
[Site "England"]
[Date "2009.10.25"]
[Round "2.2"]
[White "Mack, Andrew"]
[Black "Pinter, Gabor"]
[Result "0-1"]
[WhiteElo "2213"]
[BlackElo "2349"]
[PlyCount "98"]
[EventDate "2009.10.24"]
[EventType "team-tourn"]
[EventRounds "7"]
[EventCountry "ENG"]
[SourceTitle "EXT 2011"]
[Source "ChessBase"]
[SourceDate "2010.11.26"]
[SourceVersion "1"]
[SourceVersionDate "2010.11.26"]
[SourceQuality "1"]
[WhiteTeam "Jutes of Kent"]
[BlackTeam "Cambridge University"]
[WhiteTeamCountry "ENG"]
[BlackTeamCountry "ENG"]

1. e4 c5 2. Nf3 e6 3. b3 d6 4. Bb5+ Nd7 5. 0-0 a6 6. Bxd7+ Bxd7 7. d4 cxd4 8. Nxd4 Nf6 9. Re1 Be7 10. c4 b5 11. cxb5 axb5 12. Qe2 Qb6 13. Be3 Qb7 14. Bg5 0-0 15. Nd2 Rfc8 16. Nf1 Rc5 17. Bd2 b4 18. Ng3 g6 19. Qd1 Rac8 20. Rc1 Rxc1 21. Bxc1 d5 22. Bg5 dxe4 23. Bxf6 Bxf6 24. Nxe4 Be7 25. h4 Qd5 26. Qd2 Rd8 27. Nf3 Qxd2 28. Nexd2 Bc6 29. Rc1 Bd5 30. Kf1 Ra8 31. Rc2 Bf6 32. Ke2 Bc3 33. Ke3 f5 34. Ne1 e5 35. f3 Kf7 36. Nd3 Kf6 37. Ke2 Ra5 38. Nb1 e4 39. Nf4 Ke5 40. Nxd5 Kxd5 41. Nxc3+ bxc3 42. Ke3 f4+ 43. Kxf4 Kd4 44. fxe4 Kd3 45. Rf2 c2 46. Rf1 Rc5 47. Rc1 Kd2 48. Rf1 c1Q 49. Rxc1 Rxc1 0-1

[Event "BCF-chT2a 0809 (4NCL)"]
[Site "Hinckley Island"]
[Date "2008.10.04"]
[Round "1.3"]
[White "Mack, Andrew"]
[Black "Walton, Alan J"]
[Result "1-0"]
[WhiteElo "2235"]
[BlackElo "2193"]
[PlyCount "83"]
[EventDate "2008.10.04"]
[EventType "team-tourn"]
[EventRounds "7"]
[EventCountry "ENG"]
[SourceTitle "EXT 2010"]
[Source "ChessBase"]
[SourceDate "2010.11.25"]
[SourceVersion "1"]
[SourceVersionDate "2010.11.25"]
[SourceQuality "1"]
[WhiteTeam "Jutes of Kent"]
[BlackTeam "Pandoras Box"]
[WhiteTeamCountry "ENG"]
[BlackTeamCountry "ENG"]

1. e4 e6 2. d4 d5 3. Nd2 Nf6 4. e5 Nfd7 5. c3 c5 6. Bd3 Nc6 7. Ngf3 f6 8. exf6 Qxf6 9. 0-0 Bd6 10. Re1 0-0 11. Bxh7+ Kxh7 12. Rxe6 Bxh2+ 13. Kxh2 Qf5 14. Nf1 Nf6 15. Ng3 Qg6 16. Re2 cxd4 17. cxd4 Kg8 18. Qc2 Qxc2 19. Rxc2 Bg4 20. Be3 Rae8 21. Rc3 Re7 22. a3 a6 23. b4 Rfe8 24. Nd2 Bd7 25. Kg1 Ng4 26. Ngf1 Rf7 27. Rac1 Ref8 28. Nf3 Bf5 29. Rc5 Rd7 30. N1d2 Re8 31. R5c3 Rde7 32. Nf1 Na7 33. Rc5 Rd7 34. a4 Bd3 35. Rc7 Ree7 36. Rxd7 Rxd7 37. Bd2 Nc6 38. Ne3 Nf6 39. Rc3 Bg6 40. b5 axb5 41. axb5 Ne7 42. Ne5 1-0

[Event "BCF-chT3 0708 (4NCL)"]
[Site "Sunningdale"]
[Date "2008.03.02"]
[Round "8.2"]
[White "Mack, Andrew"]
[Black "Mason, Donald"]
[Result "1/2-1/2"]
[WhiteElo "2224"]
[BlackElo "2246"]
[PlyCount "29"]
[EventDate "2007.09.15"]
[EventType "team-tourn"]
[EventRounds "11"]
[EventCountry "ENG"]
[SourceTitle "EXT 2023"]
[Source "ChessBase"]
[SourceDate "2022.10.05"]
[SourceVersion "1"]
[SourceVersionDate "2022.10.05"]
[SourceQuality "1"]
[WhiteTeam "Jutes of Kent"]
[BlackTeam "Warwicks Select"]
[WhiteTeamCountry "ENG"]
[BlackTeamCountry "ENG"]

1. e4 c5 2. Nf3 Nc6 3. Bb5 g6 4. 0-0 Bg7 5. Re1 Nf6 6. c3 0-0 7. h3 a6 8. Bxc6 bxc6 9. d3 d6 10. Qc2 e5 11. Nbd2 Nh5 12. Nc4 Be6 13. Qa4 Bxc4 14. Qxc4 Kh8 15. Bg5 1/2-1/2

[Event "BCF-chT3 0708 (4NCL)"]
[Site "Sunningdale"]
[Date "2007.11.10"]
[Round "3.3"]
[White "Camargo de Miranda, Luiz"]
[Black "Mack, Andrew"]
[Result "1/2-1/2"]
[WhiteElo "2125"]
[BlackElo "2225"]
[PlyCount "44"]
[EventDate "2007.09.15"]
[EventType "team-tourn"]
[EventRounds "11"]
[EventCountry "ENG"]
[SourceTitle "EXT 2023"]
[Source "ChessBase"]
[SourceDate "2022.10.05"]
[SourceVersion "1"]
[SourceVersionDate "2022.10.05"]
[SourceQuality "1"]
[WhiteTeam "Mindsports"]
[BlackTeam "Jutes of Kent"]
[WhiteTeamCountry "ENG"]
[BlackTeamCountry "ENG"]

1. e4 e5 2. Nf3 Nc6 3. Bb5 a6 4. Ba4 Nf6 5. 0-0 Be7 6. Re1 b5 7. Bb3 d6 8. c3 0-0 9. h3 Bb7 10. d4 Re8 11. d5 Nb8 12. a4 Nbd7 13. Bc2 g6 14. Nbd2 Bf8 15. Nf1 Bg7 16. Bg5 h6 17. Be3 Nf8 18. axb5 axb5 19. b3 c6 20. c4 bxc4 21. bxc4 cxd5 22. Rxa8 Qxa8 1/2-1/2

[Event "Las Vegas National op"]
[Site "Las Vegas"]
[Date "2007.06.10"]
[Round "5"]
[White "Gagunashvili, Merab"]
[Black "Mack, Andrew"]
[Result "1-0"]
[WhiteElo "2625"]
[BlackElo "2213"]
[PlyCount "83"]
[EventDate "2007.06.08"]
[EventType "swiss"]
[EventRounds "6"]
[EventCountry "USA"]
[SourceTitle "CBM 118 Extra"]
[Source "ChessBase"]
[SourceDate "2007.07.04"]
[SourceVersion "1"]
[SourceVersionDate "2007.07.04"]
[SourceQuality "1"]

1. d4 d5 2. c4 e6 3. Nc3 Nf6 4. Nf3 Be7 5. Bf4 0-0 6. e3 c5 7. dxc5 Bxc5 8. cxd5 exd5 9. Be2 Nc6 10. 0-0 a6 11. Qc2 Be6 12. Rfd1 Bb6 13. Rac1 Qe7 14. Bg5 h6 15. Bxf6 Qxf6 16. Qb3 d4 17. Qxb6 dxc3 18. Rxc3 Qe7 19. a3 Rfd8 20. Rcc1 Bd5 21. h3 Rd6 22. Qc5 Rad8 23. b4 Qf6 24. Qc2 Qe7 25. Qc3 Qe4 26. Rd2 Qg6 27. Rcd1 Bxf3 28. Bxf3 Rxd2 29. Rxd2 Qb1+ 30. Kh2 Rxd2 31. Qxd2 Qa1 32. Bxc6 bxc6 33. Qd8+ Kh7 34. Qd3+ g6 35. Qxa6 Qe5+ 36. g3 Qf5 37. Qe2 Qe4 38. Qb2 h5 39. h4 Qf5 40. a4 g5 41. hxg5 Qxg5 42. Qc2+ 1-0

[Event "BCF-chT4 0607 (4NCL)"]
[Site "Sunningdale"]
[Date "2007.03.25"]
[Round "8.12"]
[White "Mack, Andrew"]
[Black "Thomas, Joseff"]
[Result "1-0"]
[WhiteElo "2222"]
[BlackElo "2028"]
[PlyCount "63"]
[EventDate "2006.09.16"]
[EventType "team-tourn"]
[EventRounds "11"]
[EventCountry "ENG"]
[SourceTitle "EXT 2008"]
[Source "ChessBase"]
[SourceDate "2007.11.25"]
[SourceVersion "1"]
[SourceVersionDate "2007.11.25"]
[SourceQuality "1"]
[WhiteTeam "Jutes of Kent"]
[BlackTeam "Monmouth"]
[WhiteTeamCountry "ENG"]
[BlackTeamCountry "ENG"]

1. e4 e5 2. Nf3 Nc6 3. d4 exd4 4. Nxd4 Nxd4 5. Qxd4 Ne7 6. Nc3 Nc6 7. Qe3 d6 8. Qg3 Be6 9. Bb5 Qd7 10. 0-0 0-0-0 11. Nd5 Kb8 12. Qa3 f5 13. Be3 a6 14. Bd3 Ne5 15. b4 Qf7 16. Nf4 Bc4 17. exf5 Bxd3 18. Nxd3 Nc4 19. Qb3 d5 20. b5 a5 21. b6 c6 22. Bf4+ Bd6 23. Bxd6+ Rxd6 24. Nc5 Qxf5 25. Rfe1 Rg6 26. Re7 Nd6 27. Rae1 Rf8 28. Nd7+ Kc8 29. Nxf8 Qxf8 30. Qh3+ Kb8 31. Qd7 Qf3 32. Re8+ 1-0

[Event "BCF-chT4 0607 (4NCL)"]
[Site "Sunningdale"]
[Date "2007.02.11"]
[Round "6.4"]
[White "Calvert, David Ian"]
[Black "Mack, Andrew"]
[Result "1/2-1/2"]
[WhiteElo "2066"]
[BlackElo "2222"]
[PlyCount "30"]
[EventDate "2006.09.16"]
[EventType "team-tourn"]
[EventRounds "11"]
[EventCountry "ENG"]
[SourceTitle "EXT 2008"]
[Source "ChessBase"]
[SourceDate "2007.11.25"]
[SourceVersion "1"]
[SourceVersionDate "2007.11.25"]
[SourceQuality "1"]
[WhiteTeam "Metropolitan"]
[BlackTeam "Jutes of Kent"]
[WhiteTeamCountry "ENG"]
[BlackTeamCountry "ENG"]

1. b3 Nf6 2. Bb2 g6 3. Nf3 Bg7 4. g3 0-0 5. Bg2 d6 6. d4 Nbd7 7. 0-0 e5 8. dxe5 Ng4 9. Qc1 Ngxe5 10. Nbd2 Qe7 11. e3 Nxf3+ 12. Nxf3 Ne5 13. Nxe5 Bxe5 14. Re1 Rb8 15. f4 Bxb2 1/2-1/2

[Event "BCF-chT4 0607 (4NCL)"]
[Site "Sunningdale"]
[Date "2007.02.10"]
[Round "5.4"]
[White "Chapman, Graham"]
[Black "Mack, Andrew"]
[Result "1/2-1/2"]
[WhiteElo "2105"]
[BlackElo "2222"]
[PlyCount "36"]
[EventDate "2006.09.16"]
[EventType "team-tourn"]
[EventRounds "11"]
[EventCountry "ENG"]
[SourceTitle "EXT 2008"]
[Source "ChessBase"]
[SourceDate "2007.11.25"]
[SourceVersion "1"]
[SourceVersionDate "2007.11.25"]
[SourceQuality "1"]
[WhiteTeam "Oxford II"]
[BlackTeam "Jutes of Kent"]
[WhiteTeamCountry "ENG"]
[BlackTeamCountry "ENG"]

1. e4 e6 2. d4 d5 3. Nd2 c5 4. Ngf3 Nf6 5. e5 Nfd7 6. c3 Nc6 7. Bd3 g6 8. 0-0 Bg7 9. Re1 0-0 10. Nf1 cxd4 11. cxd4 f6 12. exf6 Qxf6 13. Be3 e5 14. dxe5 Ndxe5 15. Nxe5 Nxe5 16. Be2 Qf7 17. Bc5 Rd8 18. Bd4 Nc6 1/2-1/2

[Event "BCF-chT4 0607 (4NCL)"]
[Site "Sunningdale"]
[Date "2006.12.02"]
[Round "3.2"]
[White "Mercs, Peter J"]
[Black "Mack, Andrew"]
[Result "1/2-1/2"]
[WhiteElo "2066"]
[BlackElo "2226"]
[PlyCount "48"]
[EventDate "2006.09.16"]
[EventType "team-tourn"]
[EventRounds "11"]
[EventCountry "ENG"]
[SourceTitle "EXT 2008"]
[Source "ChessBase"]
[SourceDate "2007.11.25"]
[SourceVersion "1"]
[SourceVersionDate "2007.11.25"]
[SourceQuality "1"]
[WhiteTeam "Notts"]
[BlackTeam "Jutes of Kent"]
[WhiteTeamCountry "ENG"]
[BlackTeamCountry "ENG"]

1. e4 e6 2. d4 d5 3. e5 c5 4. c3 Qb6 5. Nf3 Nc6 6. Be2 Nh6 7. Na3 cxd4 8. cxd4 Bxa3 9. bxa3 Nf5 10. Be3 Qa5+ 11. Qd2 Qxa3 12. 0-0 0-0 13. Rab1 f6 14. exf6 Rxf6 15. Bg5 Rf7 16. Rfc1 a6 17. Bf4 Qf8 18. Ne5 Nxe5 19. Bxe5 Ne7 20. Bh5 g6 21. Bg4 Nc6 22. Rxc6 bxc6 23. h4 Qe7 24. Qh6 Qf8 1/2-1/2

[Event "BCF-chT4 0607 (4NCL)"]
[Site "Sunningdale"]
[Date "2006.09.23"]
[Round "1.2"]
[White "Mack, Andrew"]
[Black "Robinson, David"]
[Result "1-0"]
[WhiteElo "2226"]
[BlackElo "1999"]
[PlyCount "47"]
[EventDate "2006.09.16"]
[EventType "team-tourn"]
[EventRounds "11"]
[EventCountry "ENG"]
[SourceTitle "CBM 115 Extra"]
[Source "ChessBase"]
[SourceDate "2007.01.10"]
[SourceVersion "1"]
[SourceVersionDate "2007.01.10"]
[SourceQuality "1"]
[WhiteTeam "Jutes of Kent"]
[BlackTeam "Pontypridd"]
[WhiteTeamCountry "ENG"]
[BlackTeamCountry "ENG"]

1. e4 d5 2. exd5 Qxd5 3. Nc3 Qa5 4. Bc4 Nf6 5. d4 c6 6. Qe2 Bg4 7. f3 Bf5 8. g4 Bg6 9. Bd2 e6 10. Nd5 Qd8 11. Nxf6+ gxf6 12. 0-0-0 Nd7 13. h4 h5 14. Nh3 Bd6 15. g5 Bf5 16. gxf6 Bxh3 17. Rxh3 Qxf6 18. Kb1 Qf5 19. Rhh1 Bf4 20. Bc3 0-0-0 21. d5 e5 22. dxc6 bxc6 23. Rd6 Kc7 24. Bd3 1-0

[Event "BCF-chT2 0304 (4NCL)"]
[Site "West Bromwich"]
[Date "2004.05.23"]
[Round "11.5"]
[White "Mack, Andrew"]
[Black "MacKenzie, Colin"]
[Result "1/2-1/2"]
[WhiteElo "2262"]
[BlackElo "2147"]
[PlyCount "52"]
[EventDate "2003.11.17"]
[EventType "team-tourn"]
[EventRounds "11"]
[EventCountry "ENG"]
[SourceTitle "EXT 2005"]
[Source "ChessBase"]
[SourceDate "2004.11.15"]
[SourceVersion "1"]
[SourceVersionDate "2004.11.15"]
[SourceQuality "1"]
[WhiteTeam "Barbican III"]
[BlackTeam "Kings Head"]
[WhiteTeamCountry "ENG"]
[BlackTeamCountry "ENG"]

1. e4 e6 2. d4 d5 3. Nc3 Bb4 4. e5 c5 5. a3 Bxc3+ 6. bxc3 Qc7 7. Qg4 f6 8. Bb5+ Kf8 9. Nf3 Qa5 10. Rb1 Qxc3+ 11. Bd2 Qxc2 12. 0-0 a6 13. exf6 gxf6 14. Qf4 axb5 15. Qc7 Nc6 16. Rxb5 Nge7 17. Rxc5 Qg6 18. Bf4 Qe8 19. Bh6+ Kf7 20. Rc3 Qd7 21. Qf4 Ng6 22. Qd2 Re8 23. h4 e5 24. h5 e4 25. hxg6+ hxg6 26. Nh2 Ra4 1/2-1/2

[Event "BCF-chT 0304 (4NCL)"]
[Site "West Bromwich"]
[Date "2004.05.22"]
[Round "10.7"]
[White "Martin, Andrew D"]
[Black "Mack, Andrew"]
[Result "1-0"]
[WhiteElo "2429"]
[BlackElo "2262"]
[PlyCount "83"]
[EventDate "2003.10.18"]
[EventType "team-tourn"]
[EventRounds "11"]
[EventCountry "ENG"]
[SourceTitle "EXT 2005"]
[Source "ChessBase"]
[SourceDate "2004.11.15"]
[SourceVersion "1"]
[SourceVersionDate "2004.11.15"]
[SourceQuality "1"]
[WhiteTeam "Wood Green"]
[BlackTeam "Barbican II"]
[WhiteTeamCountry "ENG"]
[BlackTeamCountry "ENG"]

1. Nf3 Nf6 2. c4 g6 3. g3 Bg7 4. Bg2 0-0 5. 0-0 d6 6. d4 Nbd7 7. d5 e5 8. dxe6 fxe6 9. Nd4 Qe7 10. Nc3 Nb6 11. b3 d5 12. cxd5 Nbxd5 13. Bb2 Rd8 14. Qc1 Nxc3 15. Bxc3 e5 16. Nc2 Nd5 17. Bb2 Be6 18. Ne3 Nxe3 19. Qxe3 Bd5 20. Rad1 Bxg2 21. Kxg2 a5 22. Rxd8+ Rxd8 23. Rc1 Qd6 24. Qe4 c6 25. Rc2 Qd5 26. Qxd5+ Rxd5 27. Kf3 Kf7 28. e4 Rd7 29. Ke2 Ke6 30. Rc5 a4 31. bxa4 Rd8 32. a5 Ra8 33. Bc3 Kd6 34. Rc4 Kc7 35. a4 b6 36. axb6+ Kxb6 37. f4 Re8 38. g4 Bh8 39. f5 gxf5 40. exf5 Bf6 41. Bd2 Rg8 42. g5 1-0

[Event "BCF-chT2 0304 (4NCL)"]
[Site "West Bromwich"]
[Date "2004.05.02"]
[Round "8.4"]
[White "Mack, Andrew"]
[Black "Moore, Gerald C"]
[Result "1/2-1/2"]
[WhiteElo "2262"]
[BlackElo "2225"]
[PlyCount "35"]
[EventDate "2003.11.17"]
[EventType "team-tourn"]
[EventRounds "11"]
[EventCountry "ENG"]
[SourceTitle "EXT 2005"]
[Source "ChessBase"]
[SourceDate "2004.11.15"]
[SourceVersion "1"]
[SourceVersionDate "2004.11.15"]
[SourceQuality "1"]
[WhiteTeam "Barbican III"]
[BlackTeam "Poisoned Pawns"]
[WhiteTeamCountry "ENG"]
[BlackTeamCountry "ENG"]

1. e4 c5 2. Nf3 e6 3. Nc3 d6 4. d4 cxd4 5. Nxd4 Nc6 6. g3 Nf6 7. Bg2 Bd7 8. 0-0 Be7 9. Be3 0-0 10. Nxc6 Bxc6 11. a4 Qc7 12. a5 Rfd8 13. Qe2 d5 14. exd5 Nxd5 15. Nxd5 Bxd5 16. Bxd5 Rxd5 17. a6 Bc5 18. axb7 1/2-1/2

[Event "BCF-chT2 0304 (4NCL)"]
[Site "West Bromwich"]
[Date "2004.03.21"]
[Round "6.1"]
[White "Gourlay, Iain"]
[Black "Mack, Andrew"]
[Result "1-0"]
[WhiteElo "2294"]
[BlackElo "2262"]
[PlyCount "47"]
[EventDate "2003.11.17"]
[EventType "team-tourn"]
[EventRounds "11"]
[EventCountry "ENG"]
[SourceTitle "EXT 2005"]
[Source "ChessBase"]
[SourceDate "2004.11.15"]
[SourceVersion "1"]
[SourceVersionDate "2004.11.15"]
[SourceQuality "1"]
[WhiteTeam "White Rose"]
[BlackTeam "Barbican III"]
[WhiteTeamCountry "ENG"]
[BlackTeamCountry "ENG"]

1. Nf3 Nf6 2. g3 g6 3. Bg2 Bg7 4. 0-0 0-0 5. d3 Nc6 6. e4 e5 7. c3 d5 8. Qc2 a5 9. a4 h6 10. Na3 Re8 11. Bd2 Be6 12. Rab1 Qd7 13. Rfd1 Rad8 14. b4 axb4 15. cxb4 dxe4 16. dxe4 Nd4 17. Nxd4 exd4 18. b5 Bh3 19. f3 d3 20. Qc1 Bxg2 21. Kxg2 Nxe4 22. fxe4 Qe7 23. Re1 Qxa3 24. Qxa3 1-0

[Event "BCF-chT 0203 (4NCL)"]
[Site "West Bromwich"]
[Date "2003.05.05"]
[Round "11.7"]
[White "Mack, Andrew"]
[Black "Curtis, John E"]
[Result "1/2-1/2"]
[WhiteElo "2272"]
[BlackElo "2143"]
[PlyCount "23"]
[EventDate "2002.11.??"]
[EventType "team-tourn"]
[EventRounds "11"]
[EventCountry "ENG"]
[SourceTitle "EXT 2004"]
[Source "ChessBase"]
[SourceDate "2003.11.25"]
[SourceVersion "1"]
[SourceVersionDate "2003.11.25"]
[SourceQuality "1"]
[WhiteTeam "Barbican"]
[BlackTeam "Bristol"]
[WhiteTeamCountry "ENG"]
[BlackTeamCountry "ENG"]

1. e4 d6 2. d4 Nf6 3. Nc3 e5 4. Nf3 Nbd7 5. Bc4 Be7 6. 0-0 0-0 7. a4 a5 8. Re1 c6 9. Qe2 Qe8 10. Bb3 Bd8 11. h3 Bb6 12. dxe5 1/2-1/2

[Event "BCF-chT2 0203 (4NCL)"]
[Site "West Bromwich"]
[Date "2003.04.12"]
[Round "7.1"]
[White "Pigott, John C"]
[Black "Mack, Andrew"]
[Result "1/2-1/2"]
[WhiteElo "2382"]
[BlackElo "2272"]
[PlyCount "76"]
[EventDate "2002.11.??"]
[EventType "team-tourn"]
[EventRounds "11"]
[EventCountry "ENG"]
[SourceTitle "EXT 2004"]
[Source "ChessBase"]
[SourceDate "2003.11.25"]
[SourceVersion "1"]
[SourceVersionDate "2003.11.25"]
[SourceQuality "1"]
[WhiteTeam "Kings Head"]
[BlackTeam "Barbican III"]
[WhiteTeamCountry "ENG"]
[BlackTeamCountry "ENG"]

1. c4 g6 2. e4 Bg7 3. d4 d6 4. Nc3 Nf6 5. Nf3 0-0 6. Be2 Na6 7. 0-0 e5 8. Be3 Ng4 9. Bg5 Qe8 10. dxe5 dxe5 11. h3 h6 12. Bc1 Nf6 13. Be3 Qe7 14. Qc1 Kh7 15. Nd5 Qd8 16. Qc2 c6 17. Nxf6+ Qxf6 18. Rad1 Qe7 19. c5 Nc7 20. Rd6 Ne6 21. Rfd1 Nf4 22. Bf1 f5 23. g3 Nh5 24. exf5 Bxf5 25. Qb3 Nf6 26. Nh4 Be4 27. Bd3 Bxd3 28. Qxd3 e4 29. Qc2 Rad8 30. Bd4 Rfe8 31. Bc3 Rxd6 32. Rxd6 Rd8 33. Bxf6 Bxf6 34. Rxd8 Qxd8 35. Qxe4 Bxh4 36. gxh4 h5 37. Kh2 Qf6 38. Kg3 Qxb2 1/2-1/2

[Event "BCF-chT 0203 (4NCL)"]
[Site "West Bromwich"]
[Date "2002.11.23"]
[Round "1.3"]
[White "Rogers, Jonathan"]
[Black "Mack, Andrew"]
[Result "1-0"]
[WhiteElo "2346"]
[BlackElo "2272"]
[PlyCount "79"]
[EventDate "2002.11.??"]
[EventType "team-tourn"]
[EventRounds "11"]
[EventCountry "ENG"]
[SourceTitle "EXT 2004"]
[Source "ChessBase"]
[SourceDate "2003.11.25"]
[SourceVersion "1"]
[SourceVersionDate "2003.11.25"]
[SourceQuality "1"]
[WhiteTeam "Barbican"]
[BlackTeam "Barbican II"]
[WhiteTeamCountry "ENG"]
[BlackTeamCountry "ENG"]

1. Nf3 Nf6 2. b4 g6 3. Bb2 Bg7 4. e3 0-0 5. Be2 d6 6. d4 Nbd7 7. 0-0 e5 8. c4 exd4 9. Nxd4 Re8 10. Nc3 Ne5 11. h3 a6 12. Rc1 Bd7 13. Ba1 Qc8 14. Kh2 h5 15. Nd5 Ne4 16. f3 Ng5 17. f4 Nxh3 18. fxe5 Bxe5+ 19. Nf4 Ng5 20. Nf3 Nxf3+ 21. Bxf3 Qd8 22. Kg1 Qg5 23. Bxb7 Rab8 24. Bd5 Re7 25. Qd2 c6 26. Bf3 Rbe8 27. Bd4 h4 28. c5 d5 29. Bxd5 cxd5 30. c6 Bc8 31. Nxd5 Bh2+ 32. Kxh2 Qxd5 33. Qf2 h3 34. gxh3 Bxh3 35. Kxh3 Re4 36. Rc5 Qe6+ 37. Kh2 Rg4 38. Re5 Qxe5+ 39. Bxe5 f5 40. Rg1 1-0